Editions du Trivial Pursuit-Les jeux complets - Statistiques

Statistiques générales
  • Ce quiz a été pris 11 fois
  • Le résultat moyen est 22 sur 67
Statistiques - réponses
Réponse % Correct
Disney
78%
Disney
78%
Disney
78%
Famille
78%
Famille
78%
Famille
78%
Famille
78%
Famille
78%
Génus 1ère édition
78%
Genus 2ème édition
78%
Genus 3ème génération
78%
Genus 4ème édition
78%
Genus 5ème édition
78%
Junior
56%
Junior
56%
Junior 2ème génération
56%
Années 2000
44%
Arts
44%
Kids
44%
Kids
44%
Master
44%
Star Wars
44%
Gastronomie
33%
Histoire de France
33%
Humour
33%
Millenium
33%
Party
33%
Party
33%
Remue-méninges
33%
Team
33%
Vins
33%
Vins
33%
20ème anniversaire
22%
Baby Boomer
22%
Café
22%
Casual
22%
Coupe du Monde 1998
22%
Culture et Communication
22%
Genus 3600 Questions
22%
Horreur
22%
Maison
22%
Nos années 80
22%
Passeport pour le monde
22%
TV
22%
TV
22%
Astérix chez Rahazade
11%
Auvergne
11%
Cinéma en France
11%
Classic Edition
11%
Disney Famille
11%
DVD
11%
Femmes de France
11%
Gastronomie en France
11%
Kids McDonalds
11%
Languedoc-Roussillon
11%
Love
11%
Midi-Pyrénées
11%
New Generation
11%
Nord-Pas-de-Calais
11%
Nos années 90
11%
Walt Disney
11%
Belgique, pays de la bière
0%
Genus XXIeme siècle
0%
New Classic
0%
Sciences & Nature
0%
Sport Edition
0%
Wald Disney DVD
0%
Aucun quiz correspondant
Distribution des résultats
% des personnes avec chaque résultat
Percentile par nombre de réponses
Votre historique - résultats
Vous n’avez pas pris ce quiz